BIBLIOTECA PODER JUDICIAL
Portal Judicial TDF

El "leasing" inmobiliario / (Registro nro. 1262)

000 -LEADER
fixed length control field 00775nam a22002417a 4500
003 - CONTROL NUMBER IDENTIFIER
control field OSt
005 - DATE AND TIME OF LATEST TRANSACTION
control field 20180827075126.0
008 - FIXED-LENGTH DATA ELEMENTS--GENERAL INFORMATION
fixed length control field 180305b xxu||||| |||| 00| 0 spa d
020 ## - INTERNATIONAL STANDARD BOOK NUMBER
International Standard Book Number 9506790051
040 ## - CATALOGING SOURCE
Transcribing agency PJ
100 ## - ASIENTO PRINCIPAL - NOMBRE DE PERSONA
9 (RLIN) 1860
Personal name Garrido, Roque Fortunato
245 13 - MENCIÓN DE TÍTULO
Título propiamente dicho El "leasing" inmobiliario /
Mención de responsabilidad, etc Roque Fortunato Garrido, Lidia M. R. Garrido Cordobera.
260 ## - PUBLICATION, DISTRIBUTION, ETC. (IMPRINT)
Place of publication, distribution, etc Buenos Aires :
Name of publisher, distributor, etc Universidad,
Date of publication, distribution, etc 1990.
300 ## - DESCRIPCION FISICA
Extent 74 p.
Dimensions 23 cm.
504 ## - NOTA DE BIBLIOGRAFÍA, ETC.
Bibliography, etc Bibliografía: p. 76
650 #0 - ASIENTO SECUNDARIO DE MATERIA - TERMINO TEMATICO
9 (RLIN) 1602
Topical term or geographic name as entry element DERECHO COMERCIAL
650 #0 - ASIENTO SECUNDARIO DE MATERIA - TERMINO TEMATICO
9 (RLIN) 1670
Topical term or geographic name as entry element CONTRATOS COMERCIALES
650 #0 - ASIENTO SECUNDARIO DE MATERIA - TERMINO TEMATICO
9 (RLIN) 1861
Topical term or geographic name as entry element CONTRATO DE FRANQUICIA
650 #0 - ASIENTO SECUNDARIO DE MATERIA - TERMINO TEMATICO
9 (RLIN) 1862
Topical term or geographic name as entry element LEASING
650 #0 - ASIENTO SECUNDARIO DE MATERIA - TERMINO TEMATICO
9 (RLIN) 1877
Topical term or geographic name as entry element LEASING INMOBILIARIO
700 ## - ADDED ENTRY--PERSONAL NAME
9 (RLIN) 1876
Personal name Garrido Cordobera, Lidia M. R.
942 ## - ADDED ENTRY ELEMENTS (KOHA)
Source of classification or shelving scheme
Koha item type Libros
Classification part 347.75/.76
Item part FOR
Existencias
Withdrawn status Lost status Source of classification or shelving scheme Damaged status Not for loan Permanent Location Current Location Date acquired Full call number Barcode Date last seen Price effective from Koha item type
          Biblioteca Poder Judicial Norte Biblioteca Poder Judicial Norte 2018-08-27 347.75./.76 GAR RG 1828 2024-12-01 2018-08-27 Libros
          Biblioteca Poder Judicial Sur Biblioteca Poder Judicial Sur 2018-08-27 347.75./.76 GAR 1094 2018-08-27 2018-08-27 Libros

12 de Octubre 789 Ushuaia - Tel:  54(02901)441571
Horario de Atención: 8.00 a 17.00 hs. 
bibliotecaush@justierradelfuego.gov.ar
koha@justierradelfuego.gov.ar
Seguinos en nuestras redes @bibliojustdf 

Con tecnología Koha